|
|
|
|
| LEADER |
00000cim a2200000 a 4500 |
| 001 |
vtls010555130 |
| 003 |
SK-MaSNL |
| 005 |
20260301183152.0 |
| 007 |
sd fmngnnmmned |
| 008 |
160430s2013 xo nnnnfs f n slo |
| 015 |
|
|
|a SNBJ2015
|
| 020 |
|
|
|a 9788018021248 (CDROM)
|
| 040 |
|
|
|a SNK
|b slo
|c SNK
|e AACR2
|
| 041 |
0 |
|
|a slo
|
| 044 |
|
|
|a xo
|c SK
|
| 072 |
|
7 |
|a 821.162.4-3
|x Slovenská próza
|2 konspekt
|
| 080 |
|
|
|a 821.162.4-32
|2 2001
|
| 080 |
|
|
|a (086.76)
|2 2001
|
| 100 |
1 |
|
|a Romanová, Ľubomíra,
|d 1965-
|4 aut
|9 174670
|
| 245 |
1 |
0 |
|a Vlasy dupkom
|h elektronický zdroj
|c autor: Romanová, Ľubomíra ; číta: Patrícia Jariabková-Garajová
|
| 260 |
|
|
|a Levoča
|b SKN
|c 2013
|
| 300 |
|
|
|a 1 elektronický optický disk (CD-ROM)
|b digitál., mono., MP3
|c 12 cm
|
| 306 |
|
|
|a 070000
|
| 520 |
8 |
|
|a Ľubomíra Romanová, lekárka - anestéziologička. Príbehy, ktoré číta celé Slovensko jedným dychom. Možno preto, že sú skutočné, ktoré sa stali počas jej služieb v nemocnici. Pri ich čítaní si každý vnímavý čitateľ uvedomí, čo všetko má. Stále sa za niečím pachtíme, neustále nám niečo chýba. A keď príde choroba či úraz, sme schopní prosiť aj Boha aby sa vrátil včerajší deň, keď sme boli ešte zdraví
|
| 521 |
|
|
|a Pre nevidiacich a slabozrakých a inak zdravotne postihnutých
|
| 655 |
|
7 |
|a zvukové záznamy
|2 SNKPH
|9 70720
|
| 655 |
|
7 |
|a slovenské poviedky
|2 SNKPH
|9 70226
|
| 655 |
|
7 |
|a CD-ROM
|2 SNKPH
|9 70236
|
| 700 |
1 |
|
|a Jariabková-Garajová, Patrícia
|4 nrt
|9 558056
|
| 710 |
2 |
|
|a Slovenská knižnica pre nevidiacich Mateja Hrebendu v Levoči
|4 pbl
|9 249391
|
| 919 |
|
|
|a 978-80-18-02124-8
|
| 958 |
|
|
|a LX
|
| 958 |
|
|
|a SX
|
| 999 |
|
|
|c 856049
|d 857979
|
| 952 |
|
|
|a SNK
|b SNK
|y PREZ
|7 0
|p 17A1102015
|o snkSCD 2978
|i snk2014/832
|8 0
|0 0
|1 0
|4 0
|d 2014-01-13
|l 0
|r 2026-02-24 04:56:27
|w 2026-02-24
|